000 01086nam a2200253Ia 4500
003 Ost
005 20260507075127.0
008 260507s9999||||xx |||||||||||||| ||und||
040 _cfsecg
041 _aara
082 _a330
100 _aالحميد، محمد دباس
_eمؤلف
245 0 _aالأساليب الكمية في العلوم الإدارية /
_c محمد دباس الحميد
260 _aعمان:
_bدار اليازوري,
_c2006
300 _a192 صفحة؛
_bإيضاحات ؛
_c25 سم
504 _aمصطحات علمية
520 _aالبرمجة الخطية- فرضيات البرمجة الخطية متطلباتها- استخدامات البرمجة الخطية- النمذجة-البرمجة الرياضية- التطبيق الإقتصادي لمشكلة البرمجة الخطية
653 _aالأساليب الكمية
653 _aالبرمجات الخطية
653 _aالعلوم الإدارية
653 _aالنمذجة
700 _aالعزاوي، محمد
_eمؤلف ثانوي
942 _cكتاب
999 _c43166
_d43166